| 000 | 00827nam a22002057a 4500 | ||
|---|---|---|---|
| 999 |
_c20778 _d20778 |
||
| 003 | AR-CdUCM | ||
| 008 | 190605b ||||| |||| 00| 0 spa d | ||
| 040 |
_aMUNICIPALIDAD PROVINCIAL DEL CUSCO _cBIBLIOTECA MUNICIPAL DEL CUSCO |
||
| 082 |
_a618.92 / _bK22 |
||
| 100 |
_aKaplan, Solomon A. _943390 |
||
| 245 | _aAlteraciones del crecimiento en niños y adolescentes / | ||
| 260 |
_aBuenos Aires : _bMedica panamericana, _c1966. |
||
| 300 |
_a151 páginas ; _bIlustraciones y fotografías a b/n. _c22 cm |
||
| 505 | _aContenido: Desarrollo físico normal -- Variaciones en la pauta del desarrollo de los caracteres sexuales secundarios -- Crecimiento y hormona de crecimiento... | ||
| 650 |
_aDesarrollo del niño _943391 |
||
| 650 |
_aTiroides _943392 |
||
| 650 |
_aGónadas _943393 |
||
| 942 |
_2ddc _cLIBROS |
||
| 945 | _aAndy | ||